| 000 -LEADER |
| fixed length control field |
01197pab a2200169 454500 |
| 008 - FIXED-LENGTH DATA ELEMENTS--GENERAL INFORMATION |
| fixed length control field |
180718b2001 xxu||||| |||| 00| 0 eng d |
| 100 ## - MAIN ENTRY--PERSONAL NAME |
| Personal name |
Hollander, Robyn |
| 245 ## - TITLE STATEMENT |
| Title |
The greening of the grey: national competition policy and the environment |
| 260 ## - PUBLICATION, DISTRIBUTION, ETC. |
| Date of publication, distribution, etc. |
2001 |
| 300 ## - PHYSICAL DESCRIPTION |
| Extent |
p.42-55 |
| 362 ## - DATES OF PUBLICATION AND/OR SEQUENTIAL DESIGNATION |
| Dates of publication and/or sequential designation |
Sep |
| 520 ## - SUMMARY, ETC. |
| Summary, etc. |
Concern for environmental degradation is now widespread, and has penetrated key policy institutions such as the National Competition Council (NCC) - the body overseeing National Competition Policy. While the NCC's primary focus is on promoting competition, it acknowledges the importance of environmental considerations. Such a body thus represents the contemporary Ecological Modernisation approachs to environmental policy-making. Ecological Modernisation posits that there can be a reconciliation and synthesis between economic and ecological goals. This paper investigates this claim by exploring the relationship between competition and the environment in the three areas of electricity, regulatory review and rural water. - Reproduced |
| 650 ## - SUBJECT ADDED ENTRY--TOPICAL TERM |
| Topical term or geographic name entry element |
Environment |
| 700 ## - ADDED ENTRY--PERSONAL NAME |
| Personal name |
Curran, Giorel |
| 773 ## - HOST ITEM ENTRY |
| Main entry heading |
Australian Journal of Public Administration |
| 909 ## - |
| -- |
50185 |